000 00696nam a2200205Ia 4500
003 GCL
008 140319s9999 xx 000 0 ara d
040 _aGCL /
_cGCL
082 0 4 _a377.1
_bع ا
100 1 _aعبدالمنعم حسنين
245 1 0 _aالانسان والمال فى الاسلام /
_cعبدالمنعم حسنين
260 _a[S.N] :
_bدار الوفاء للطباعة والنشر والتوزيع ،
_c1986
300 _a199 ص
490 _a
650 0 4 _aالاسلام والاقتصاد
650 0 4 _aالاسلام - النظام المالى
650 0 4 _aالانسان فى الاسلام
650 0 4 _aالانسان والبيئة
942 _2ddc
_cBK
999 _c53864
_d53864